[Event "1st Guwahati GM Open 2022"]
[Site "Guwahati"]
[Date "2022.03.16"]
[Round "5.8"]
[White "Manish Anto Cristiano F"]
[Black "Iniyan, P."]
[Result "0-1"]
[WhiteElo "2236"]
[BlackElo "2516"]
[Annotator "TA"]
[PlyCount "42"]
[EventDate "2022.03.15"]
[EventCountry "IND"]
[SourceTitle "playchess.com"]
[Source "ChessBase"]
[SourceQuality "1"]

{[%evp 12,42,10,17,12,7,16,7,2,0,0,0,0,-24,72,-42,-39,-42,-45,-60,-49,-64,-68,-547,-536,-905,-904,-888,-892,-1093,-1047,-5260,-5226]} 1. e4 c5 2. Nf3 d6 3. d4 cxd4 4. Nxd4 Nf6 5. Nc3 a6 6. Bg5 Nbd7 7. Bc4 Qb6 {B94: Sicilian Najdorf: 6 Bg5 Nbd7.} 8. Bb3 e6 $1 9. O-O Be7 {The position is equal.} 10. Kh1 {10.a4 is not played anymore.} Nc5 11. f4 h6 12. Bh4 {[#] Black must now prevent e5.} g5 $146 (12... Ncxe4 $11 13. Nxe4 Nxe4 14. Bxe7 Kxe7) ({Predecessor:} 12... Qc7 13. Qe2 O-O 14. e5 Ne8 15. Bxe7 Qxe7 16. Ne4 Nxb3 17. axb3 b6 18. Nb5 dxe5 19. fxe5 {½-½ (35) Manish,A (2349)-Shahil,D (2434) Budapest 2021}) 13. fxg5 (13. Be1 $16) 13... hxg5 $15 14. Bxg5 Ncxe4 15. Nxe4 Nxe4 {Dancing on a razor blade.} 16. Bxe7 ({Much worse is} 16. Ba4+ Bd7 17. Bxd7+ Kxd7 $17) 16... Kxe7 ({But not} 16... Ng3+ 17. Kg1 Nxf1 18. Bf6 $11) 17. Qd3 {[%mdl 8192] [#] This costs White the game.} (17. Rf4 $15 d5 18. Qd3) 17... Qxd4 $3 $19 {[%mdl 512] Black is clearly winning.} 18. Qf3 (18. Qxd4 Ng3+) 18... f5 {Threatens to win with ...Bd7.} 19. Rae1 Bd7 {[%cal Oh8h2] ( -> ...Rxh2+!)} 20. Re3 Nd2 21. Qxf5 {[#]} Rxh2+ $3 {[%mdl 512] Weighted Error Value: White=1.42/Black=0.12 (very precise)} 0-1

[Event "1st Guwahati GM Open 2022"]
[Site "Guwahati"]
[Date "2022.03.16"]
[Round "5.9"]
[White "Mosadeghpour, Masoud"]
[Black "Karthikeyan, P.."]
[Result "1/2-1/2"]
[WhiteElo "2511"]
[BlackElo "2396"]
[Annotator "TA"]
[PlyCount "56"]
[EventDate "2022.03.15"]
[EventCountry "IND"]
[SourceTitle "playchess.com"]
[Source "ChessBase"]
[SourceQuality "1"]

{[%evp 13,56,11,8,0,0,5,9,-6,-14,-2,-5,-4,-9,-1,-6,-5,-11,-11,-12,-21,-10,-3,-9,-7,-4,-19,-13,-32,0,0,-4,-34,-30,-30,-28,-36,-29,-29,-33,-33,-33,-30,-29,-30,-14]} 1. e4 {[%cal Be2e4,Be4e5][%mdl 32]} c5 2. d4 cxd4 3. c3 Nf6 4. e5 Nd5 5. Nf3 e6 6. cxd4 d6 7. Bc4 Be7 8. O-O {B22: Sicilian: 2 c3.} O-O 9. Qe2 b6 10. Nc3 {The position is equal.} Nxc3 11. bxc3 Bb7 {To avoid d5} 12. Rd1 {[%cal Bf1d1,Bd1d5,Bd5d7][%mdl 32]} Qc7 13. Bf4 Nd7 {[#]} 14. d5 $146 ({Predecessor:} 14. Bd3 Bxf3 15. Qxf3 dxe5 16. dxe5 Nc5 17. Bc2 Rad8 18. h4 Rxd1+ 19. Rxd1 Rd8 20. h5 Rxd1+ 21. Qxd1 {0-1 (30) Paichadze,L (2565)-Matlakov,M (2688) Chess.com INT 2021}) 14... Bxd5 15. Bxd5 exd5 16. Rxd5 {[%cal Re5d6]} Nxe5 17. Nxe5 dxe5 18. Bxe5 ({Don't play} 18. Qxe5 Qc6 $15) 18... Qc6 19. Rad1 {[%cal Oe5g7]} Rfe8 20. Qf3 {[%cal Oe5g7]} Qc4 21. Rd7 $40 {[%cal Od7e7][%mdl 128] [#] Threatens to win with Rxe7! White mounts an attack.} Bf8 {aiming for ...Qe6.} 22. Qd5 ({Don't blunder} 22. R1d5 $2 f6 23. g3 fxe5 $19) (22. h3 {keeps more tension.} Qxa2 23. c4 Qxc4 24. R1d5 f6 25. Bxf6 Qe4 26. Qxe4 Rxe4 27. Bxg7 Re1+ 28. Kh2) 22... Qxd5 23. R7xd5 (23. R1xd5 $2 {too greedy.} f6 24. f4 fxe5 $19) 23... f6 24. Bf4 Re2 25. R5d2 Rxd2 26. Rxd2 Rc8 27. Rd7 Rxc3 28. Rxa7 Bc5 {Weighted Error Value: White=0.05 (flawless) /Black=0.02 (flawless)} 1/2-1/2

[Event "1st Guwahati GM Open 2022"]
[Site "Guwahati"]
[Date "2022.03.16"]
[Round "5.10"]
[White "Mirzoev, Azer"]
[Black "Aaryan Varshney"]
[Result "1-0"]
[WhiteElo "2468"]
[BlackElo "2277"]
[Annotator "TA"]
[PlyCount "123"]
[EventDate "2022.03.15"]
[EventCountry "IND"]
[SourceTitle "playchess.com"]
[Source "ChessBase"]
[SourceQuality "1"]

{[%evp 12,123,13,12,37,24,26,0,21,-2,31,22,62,55,54,53,64,65,61,69,65,59,101,54,44,55,63,44,70,60,68,80,95,72,114,69,81,80,117,126,125,127,131,135,166,166,165,165,175,158,196,200,201,200,193,170,195,189,312,300,310,307,305,226,253,210,210,223,284,273,291,307,320,318,410,412,439,431,416,380,441,385,517,475,484,464,566,570,525,543,648,650,638,620,548,609,610,619,654,658,766,739,671,599,4702,4133,29980,29981,29988,29989,29993,29994,29996,29997]} 1. d4 Nf6 2. Nf3 e6 3. c4 d5 4. Nc3 Bb4 5. Qa4+ Nc6 6. a3 Bxc3+ 7. bxc3 h6 {D38: Queen's Gambit Declined: Ragozin Defence (4 Nf3 Bb4).} 8. e3 O-O {[#]} 9. Be2 $146 ({Predecessor:} 9. cxd5 exd5 10. Bd3 Bg4 11. Nd2 Ne7 12. Qb5 b6 13. a4 Bf5 14. Ba3 c6 15. Qb1 Bxd3 16. Qxd3 {½-½ (43) Kortschnoj,V (2671)-Landenbergue,C (2434) Switzerland 2003}) 9... Re8 {The position is equal.} 10. O-O e5 11. cxd5 Nxd5 12. Qc2 exd4 13. cxd4 Bg4 14. Rb1 Rb8 15. h3 Bh5 16. Rb5 Bg6 (16... Qd7 $14) 17. Bd3 ({White should try} 17. Qb3 $16 Nb6 18. Bb2) 17... Bxd3 $14 18. Qxd3 a6 19. Rb2 Nf6 {Inhibits e4.} 20. Bd2 Qd5 21. Rc1 Ne4 22. Be1 (22. Qb1 {is interesting.} Nd6 23. a4 Qe4 24. Rbc2 Qe6 25. Ne1) 22... Re7 ({Better is} 22... Rbc8) 23. Qb3 (23. Qb1 $16) 23... Qxb3 24. Rxb3 {[%cal Oc1c6]} Nd8 {[%cal Oc7c5]} 25. Bb4 c5 26. dxc5 ({Resist} 26. Bxc5 Rc7 $14) 26... Nc6 27. Nd4 $36 {[%mdl 2048] White is in control.} Rc7 28. f3 Nf6 29. Be1 {[%cal Bb4e1,Be1g3,Bg3e5][%mdl 32] [#] aiming for Bg3.} Rbc8 30. Bg3 {Prevents Ne5.} Nxd4 31. exd4 Rd7 32. Be5 Ne8 33. Re1 Kf8 34. Rb4 Rc6 (34... a5 {keeps fighting.} 35. Ra4 Rcd8) 35. Reb1 $18 f6 36. Bg3 ({Inferior is} 36. Rxb7 Rxb7 37. Rxb7 fxe5 $17) 36... Re6 37. Kf1 Ree7 38. Re1 Rxe1+ 39. Kxe1 {[%mdl 4096] Endgame KRB-KRN} Ke7 40. Kd2 Ke6 41. Kd3 Kd5 42. a4 g6 43. Rb6 Rf7 44. a5 Rd7 45. Bh2 h5 46. h4 Re7 47. Bf4 Rd7 48. g4 hxg4 49. fxg4 Rh7 50. Bg3 Re7 51. g5 Rf7 52. Bf4 fxg5 53. Bxg5 Rf3+ 54. Be3 Rh3 55. Rxb7 {[#] Strongly threatening Re7.} Nf6 56. Rb6 $1 {[%csl Gc5,LRa6,LRf6][%cal Rb6d6]} Ne4 {Inhibits Rd6+.} 57. Rxa6 Rxh4 58. Ra8 Ng3 59. a6 {White mates.} Nf5 60. a7 Rh7 61. Rd8+ Kc6 62. a8=Q+ {Weighted Error Value: White=0.09 (flawless) /Black=0.34} 1-0

[Event "1st Guwahati GM Open 2022"]
[Site "Guwahati"]
[Date "2022.03.16"]
[Round "5.11"]
[White "Krishna C R G"]
[Black "Kaustuv, Kundu"]
[Result "1/2-1/2"]
[WhiteElo "2466"]
[BlackElo "2308"]
[Annotator "TA"]
[PlyCount "60"]
[EventDate "2022.03.15"]
[EventCountry "IND"]
[SourceTitle "playchess.com"]
[Source "ChessBase"]
[SourceQuality "1"]

{[%evp 17,60,5,8,18,7,10,16,0,-6,-37,-30,-35,-25,-68,-73,-87,-78,-91,-60,-47,-40,-40,-10,-11,-9,-34,-25,-24,-22,-47,-15,-53,0,-56,-52,-54,-67,-77,0,0,0,0,0,0,0]} 1. d4 {Sadorra,Julio} Nf6 2. Nf3 d5 3. c4 e6 4. g3 Bb4+ 5. Bd2 Be7 6. Bg2 O-O 7. O-O c6 8. Qb3 b6 9. Nc3 Ba6 10. cxd5 {E11: Bogo-Indian.} cxd5 11. Ne5 Bb7 $1 {[#]} 12. a4 $146 {[%cal Ba2a4,Ba4a5][%mdl 32]} ({Predecessor:} 12. Rfc1 Nc6 13. Nxd5 Nxd4 14. Nxe7+ Qxe7 15. Qc4 Bxg2 16. Qxd4 Rfd8 17. Qf4 Bb7 18. Bb4 {½-½ (67) Caruana,F (2784)-Ding,L (2769) Berlin 2018 CBM 184 [Sadorra,Julio]}) 12... Nc6 13. a5 Nxe5 14. dxe5 Nd7 15. Be3 (15. axb6 $11 {feels stronger.} Qxb6 16. Qxb6 axb6 17. f4) 15... Nxe5 $15 16. axb6 axb6 17. Bxb6 Qd7 18. Rfd1 Rxa1 19. Rxa1 Ra8 20. Rxa8+ Bxa8 21. Qa2 Bb7 22. Bd4 Nc6 23. Qa4 h6 (23... Bc8 $5 {[%cal Rc6d4]}) 24. h3 e5 (24... Bc8 $15) 25. Nxd5 ({White should play} 25. Be3 $11) 25... exd4 26. Nxe7+ Qxe7 27. Bxc6 {[#]} Bxc6 (27... d3 $1 $17 {[%cal Rd3e2]} 28. e3 (28. exd3 $2 Qe1+ 29. Kg2 Qe8 $19) 28... Bxc6 29. Qxc6 Qd8) 28. Qxc6 $11 {Qc8+ is the strong threat. The position is equal.} Qxe2 {KQ-KQ} 29. Qc8+ Kh7 30. Qf5+ Kg8 {Weighted Error Value: White=0.18 (very precise) /Black=0.15 (very precise)} 1/2-1/2

[Event "1st Guwahati GM Open 2022"]
[Site "Guwahati"]
[Date "2022.03.16"]
[Round "5.12"]
[White "Karthik Venkataraman"]
[Black "Imtiaz, Islam Bora"]
[Result "1-0"]
[WhiteElo "2485"]
[BlackElo "2004"]
[Annotator "TA"]
[PlyCount "157"]
[EventDate "2022.03.15"]
[EventCountry "IND"]
[SourceTitle "playchess.com"]
[Source "ChessBase"]
[SourceQuality "1"]

{[%evp 9,157,3,0,-9,-25,-20,0,0,23,16,21,0,0,0,0,0,0,0,0,0,0,0,20,43,36,12,18,0,0,3,6,7,6,2,3,8,27,24,21,20,116,116,122,124,139,134,160,155,150,145,136,124,122,92,122,112,124,124,124,124,124,42,19,29,124,124,124,124,124,124,124,124,124,124,124,124,124,124,124,124,117,117,117,117,117,8,8,8,8,8,8,8,8,8,8,8,8,8,20,15,20,8,12,12,12,12,117,117,117,117,117,117,117,117,117,117,117,117,117,117,117,117,117,117,117,117,5389,2629,1294,538,29969,29971,29971,29972,29971,29972,29970,117,29972,29973,29973,29974,29982,29983,29983,29984,29984,29985,29985,29986]} 1. e4 c5 2. Nc3 d6 3. f4 g6 4. Nf3 Bg7 5. Bb5+ Bd7 6. Bc4 {B23: Closed Sicilian: Lines without g3.} Nc6 7. d3 e6 8. f5 $1 {[%mdl 4] The position is equal. is more profitable than 8.0-0 at the moment.} gxf5 9. exf5 d5 10. Bb5 (10. fxe6 $5 fxe6 11. Bg5 $15) 10... Nge7 {[#]} 11. Bxc6 $146 ({Predecessor:} 11. Bg5 Bxc3+ 12. bxc3 Qa5 13. Bxc6 Nxc6 14. O-O Rg8 15. Qd2 exf5 16. Qf4 Be6 17. Rab1 {1-0 (39) Shevchenko,K (2655)-Muradli,M (2503) Warsaw 2021}) 11... Bxc6 12. fxe6 fxe6 13. Qe2 O-O 14. Qxe6+ Kh8 15. Bg5 {Black must now prevent 0-0.} d4 16. Ne4 (16. Qxe7 $2 Re8 17. Qe2 Rxe2+ 18. Nxe2 Qe8 $19) 16... Qd5 $1 17. Qg4 Qf5 18. h3 Qxg4 19. hxg4 Bxe4 {This bishop pair is nice.} 20. Bxe7 Rfe8 {...Bc6 is the strong threat.} 21. dxe4 Rxe7 22. O-O-O Kg8 23. Rde1 Rae8 24. Rh5 b6 (24... Rxe4 $11 {remains equal.} 25. Rxe4 Rxe4) 25. e5 $16 Re6 26. Re4 R6e7 27. a4 Re6 28. Kd2 a6 29. Kd3 b5 30. axb5 axb5 31. b4 cxb4 32. Nxd4 ({Resist} 32. Rxd4 Bxe5 33. Re4 (33. Rxe5 Rxe5 34. Nxe5 Rxe5 $14) (33. Rxb4 Bg7 $11) 33... Bc3 34. Rxe6 Rxe6 $14) 32... Rxe5 33. Rhxe5 Rxe5 34. Rxe5 Bxe5 35. Nxb5 {[%mdl 4096] Endgame KB-KN} ({White should try} 35. Ke4 $1 $16 {[%cal Re4e5]} Bd6 36. Nxb5) 35... Kg7 36. Ke4 Bf6 (36... Kf6 $11 {keeps the balance.}) 37. Nc7 {Strongly threatening Nd5.} Be7 38. Kf5 Bh4 39. Nd5 Be1 40. Nf6 Bc3 41. Ne4 Bd4 42. Ng3 Bc5 43. Nh5+ Kf7 44. Nf4 Be3 45. Nd5 Bd2 46. Nb6 Kg7 47. Ke4 (47. Nd7 $16) 47... Kg6 $11 48. Nd5 Kg5 49. Kf3 Be1 50. Nf4 Bc3 51. Nd3 Kg6 52. Nf2 Bg7 53. Ne4 Bf8 54. Kf4 Bg7 55. Ng3 Bf8 56. Nf5 Bc5 57. g5 Bf8 (57... Kf7 $1 $11) 58. Nh4+ $1 $16 {Black is on the road to losing.} Kg7 59. Kf5 Be7 60. Nf3 Bc5 61. Ne5 Bd4 62. Nd3 Bc3 63. Nc5 Kf7 64. Ne4 Bd4 65. Nf6 Kg7 66. Nd5 Bc5 67. Nf4 {Threatening mate with Ne6+.} Bd6 $2 {[%mdl 8192]} (67... Be3 $16 68. Ke4 Bd2) 68. Nh5+ $1 $18 Kh8 69. Nf6 {White wants to mate with g6.} Bg3 {[#]} 70. g6 $1 hxg6+ 71. Kxg6 Bf4 72. g4 Be3 73. Kf7 $2 (73. Nd5 {mates} Bf2 74. Nxb4 Kg8 75. g5 Bg1 76. Nd5 Bd4 77. c3 Bf2 78. c4) 73... Bf4 $2 {[%mdl 8192]} (73... Bd2 $16 74. Kg6 Bc1) 74. Nd5 {[%csl LRb4,LRf4] White mates.} Bd2 {[#]} 75. Nxb4 $1 {[%mdl 512]} Bxb4 {[#]} (75... Kh7 76. Nd5) 76. c4 $1 {[%cal Bc2c4,Bc4c5,Bc5c6][%mdl 32]} Bd2 77. c5 Kh7 78. c6 Bf4 79. g5 $1 {Weighted Error Value: White=0.07 (flawless) /Black=0.13 (very precise)} 1-0

[Event "1st Guwahati GM Open 2022"]
[Site "Guwahati"]
[Date "2022.03.16"]
[Round "5.13"]
[White "Borgaonkar Akshay"]
[Black "Raahul V S"]
[Result "1-0"]
[WhiteElo "1985"]
[BlackElo "2478"]
[Annotator "TA"]
[PlyCount "109"]
[EventDate "2022.03.15"]
[EventCountry "IND"]
[SourceTitle "playchess.com"]
[Source "ChessBase"]
[SourceQuality "1"]

{[%evp 16,109,18,21,16,16,16,16,8,17,30,-7,0,0,0,0,0,7,13,0,0,-66,0,-45,0,-66,0,-40,-37,-68,-53,-73,-54,-33,-43,-38,-95,-54,33,22,291,272,289,270,433,413,808,760,770,736,694,400,381,346,365,361,377,317,370,304,356,222,228,210,197,136,98,136,136,121,107,0,607,527,479,460,1225,1114,4685,3927,29963,29966,29964,29961,12294,10652,4698,2631,29980,29981,29981,29982,29983,29982,29978,29980]} 1. e4 e5 2. Nf3 Nc6 3. Bb5 g6 4. d4 exd4 5. Bg5 Be7 6. Bxe7 Qxe7 7. Bxc6 dxc6 8. Qxd4 Nf6 9. Nc3 Bg4 {C60: Ruy Lopez: Unusual Black 3rd moves and 3...g6.} 10. O-O-O {e5 is the strong threat.} Bxf3 11. gxf3 O-O {The position is equal.} 12. Qe3 Rfe8 13. Rhe1 {[#]} b6 $146 ({Predecessor:} 13... Nh5 14. e5 a5 15. f4 Qe6 16. Kb1 b6 17. Ne2 Rad8 18. Qf3 c5 19. Ng3 Qh3 20. Rxd8 Rxd8 {0-1 (30) Ruiz Sanchez,O (2429)-Hevia Alejano,C (2493) Bogota 2014}) 14. f4 Rad8 15. Rxd8 Rxd8 16. f5 Ng4 17. Qf4 Ne5 18. a3 (18. Qg3 $11) 18... b5 (18... Qd6 $1 $15 19. Kb1 Qd2 $1) 19. Rd1 (19. Qg3 $11 {should be considered.}) 19... Rd6 (19... Rxd1+ $15 20. Nxd1 Qd6) 20. Qg3 (20. Re1 $11) 20... Nc4 (20... Rxd1+ $15 21. Nxd1 Nc4) 21. Rxd6 cxd6 22. fxg6 hxg6 23. Qg4 Qf6 24. Qc8+ $1 Kg7 {Hoping for ...Qg5+.} 25. Qxc6 Qxf2 {White must now prevent ...Qe1+.} 26. Kb1 Qd4 (26... Qxh2 $15 27. Nxb5 Qe2) 27. Ka2 $14 a6 $2 {[%mdl 8192]} (27... Kf6 $11) 28. Qxa6 $18 b4 29. axb4 Nxb2 $2 (29... f5 30. Qb7+ Kh6 31. exf5 gxf5) 30. Kb3 (30. Kxb2 Qxb4+ 31. Kc1 Qxc3 $11) 30... Kh6 (30... Nd1 $142) 31. Qf1 ({Not} 31. Kxb2 Qxb4+ 32. Kc1 Qxc3 $11) 31... Kg7 32. b5 f6 33. Ne2 ({Weaker is} 33. Kxb2 Qb4+ 34. Ka2 Qxc3 $18) 33... Qe5 34. Nc1 Qd4 35. c3 Qd2 36. Qe2 Qxc1 37. Qxb2 {[%mdl 4096] Endgame KQ-KQ} Qe3 38. Qa3 Qd3 39. Qa7+ Kh6 40. Kb4 ({Better is} 40. Qa4 $18) 40... Qb1+ $16 41. Ka5 {Threatens to win with Qc7.} Qa1+ 42. Kb6 Qxc3 43. Kb7 (43. Qd7 $1 $16) 43... Qc4 $2 {[%mdl 8192]} (43... f5 $11) 44. Qe3+ $18 Kg7 45. b6 {[%cal Bb5b6,Bb6b7][%mdl 32]} Kf7 (45... g5 $142 46. Qa3 Qxe4+ 47. Kb8 Kh6) 46. Kb8 Ke7 47. b7 {Intending Qb6 and mate.} Qg8+ 48. Ka7 Qa2+ 49. Kb6 Qb2+ {[#]} 50. Kc7 $1 Qc2+ {[#]} 51. Kb8 $1 Kd8 52. Qb6+ {White mates.} Kd7 53. Qb5+ Kd8 54. Qa5+ Kd7 55. Ka7 {Weighted Error Value: White=0.32/Black=0.84} 1-0

[Event "1st Guwahati GM Open 2022"]
[Site "Guwahati"]
[Date "2022.03.16"]
[Round "5.14"]
[White "Thapa, Krishna"]
[Black "Tahbaz, Arash"]
[Result "0-1"]
[WhiteElo "1979"]
[BlackElo "2469"]
[Annotator "TA"]
[PlyCount "108"]
[EventDate "2022.03.15"]
[EventCountry "IND"]
[SourceTitle "playchess.com"]
[Source "ChessBase"]
[SourceQuality "1"]

{[%evp 11,108,24,29,1,0,-8,0,-10,-1,-10,0,-27,-20,-66,-10,0,-15,-81,-25,-27,16,-122,-124,-189,-25,-32,-29,-35,-18,-54,-48,-50,-48,-90,-88,-114,-112,-119,-65,-236,-245,-254,-229,-300,-190,-178,-126,-184,-120,-122,-138,-131,-130,-116,-129,-135,-79,-129,-75,-95,-73,-81,-67,-83,-85,-83,-82,-67,-67,-1412,-34,-68,-30,-48,-43,-38,58,54,37,-540,-535,-706,-582,-639,-634,-642,-640,-671,-664,-811,-800,-845,-836,-797,-778,-1571,-1535,-1151,-640]} 1. d4 g6 2. e4 Bg7 3. Nc3 d6 4. Be3 Nd7 5. Qd2 a6 6. Nf3 b5 7. O-O-O {B06: Modern Defence.} Bb7 8. Bd3 Rc8 9. d5 {The position is equal.} c5 10. dxc6 $1 Bxc6 11. Kb1 {[#]} Ngf6 $146 ({Predecessor:} 11... Bb7 12. Nd4 Ngf6 13. Nb3 O-O 14. Bh6 Bxh6 15. Qxh6 Rxc3 16. bxc3 Nb6 17. h4 Na4 {0-1 (58) Allard,L (2007)-Leveille,F (2281) Montreal 2016}) 12. Bh6 (12. Nd4 $11) 12... O-O (12... Bxh6 $1 $15 13. Qxh6 Qb6) 13. Bxg7 $11 Kxg7 14. h3 (14. Nd4 $11 {keeps the balance.}) 14... h5 (14... Qb6 $17) 15. Nd4 {[%cal Og2g4]} Bb7 (15... Ba8 {is superior.}) 16. Qg5 (16. f3 $11 {remains equal.}) 16... e6 $1 $17 {[%cal Oc8c3]} 17. f3 {[#]} (17. f4 $17 Nc5 18. e5) 17... Qb6 $2 (17... Nd5 $1 $19 {[%mdl 512]} 18. Qc1 (18. Qxd8 Nxc3+) 18... Nxc3+ 19. bxc3 Nc5) 18. Nce2 {[%cal Od4e6]} Qc5 19. Qd2 Ne5 20. Nb3 Qc7 21. Ned4 d5 {[%cal Rd5e4]} 22. exd5 (22. Rde1 $15 {is more appropriate.}) 22... Bxd5 (22... Nxd5 $6 23. Be4 $11) 23. Rhe1 Nxd3 24. Qxd3 Qg3 (24... e5 $17 25. Ne2 e4) 25. Qd2 (25. Qe3 $15) 25... e5 $19 26. Ne2 Qxg2 27. Rg1 Qf2 (27... Qxf3 $2 28. Rdf1 Qxh3 29. Ng3 $19) 28. Rdf1 Qh4 (28... Qh2 $1 $19 29. Ng3 Qxd2 30. Nxd2 Rfd8) 29. Ng3 (29. f4 $17 {is a better defense.} Rfd8 30. Qe3) 29... Qf4 (29... Qxh3 30. Qg5 Qe6 31. Re1 Bxb3 32. axb3 $15) (29... Kh7 $1 $19 30. Ne4 Bxe4 31. fxe4 Nxe4) 30. Nxh5+ $17 Nxh5 31. Qxd5 Rfd8 32. Qb7 Qf5 {[%csl LRc2,LRh3]} 33. Rc1 {[#]} Rd6 (33... Qxh3 34. Qxa6 Qxf3 35. Qxb5 $15) (33... Nf4 $142 $1 {[%cal Rf4e2] Threatens to win with ...Ne2.} 34. Rge1 (34. Qxa6 $2 Ne2 $19) 34... Qf6) 34. Rge1 (34. h4 $142) 34... Rc4 (34... Rdc6 $142 {Hoping for ...R8c7.} 35. Qe7 Rxc2 36. Qxe5+ Qxe5 37. Rxe5 Rxc1+ 38. Nxc1 Nf4) 35. Qe7 Re6 {Black is more active.} 36. Qa7 Nf6 (36... Qxh3 37. Nc5 $11) (36... Qxf3 $2 37. Rf1 Qf4 38. Rxf4 $18) 37. Nc5 Rc6 38. Nd3 e4 ({But not} 38... Rxc2 39. Rxc2 Qxd3 40. Qf2 $11) 39. fxe4 Nxe4 {Strongly threatening ...Nd2+.} 40. Rh1 $2 {[%mdl 8192]} (40. Re2 $15) 40... Nf6 $2 ({Black should play} 40... Nd2+ $19 41. Ka1 {[#]} Qxd3 $3 {[%mdl 512]}) 41. Qb8 Nh5 ({Much less strong is} 41... Rxc2 42. Rxc2 Qxd3 43. Rhc1 $11) 42. Rhf1 Qc8 ({Resist} 42... Rc8 43. Qd6 Qe6 44. Qxe6 fxe6 45. Rfe1 $14) 43. Qe5+ f6 ({Better is} 43... Nf6 $15) 44. Qe7+ $14 Kh6 $1 45. Nb4 $2 {[%mdl 8192]} (45. Rg1 $14 {keeps the upper hand.} g5 46. Rce1) 45... Re6 $19 {Black is clearly winning.} 46. Qf7 Rxb4 47. Rg1 {[%csl Gf7][%cal Rg1g6]} f5 {And now ...Nf4 would win.} 48. Rcd1 Rbe4 49. a3 Qe8 50. Qc7 Re1 51. Ka2 Rxg1 52. Rxg1 Re1 53. Rg2 Qg8+ 54. b3 Qg7 {Weighted Error Value: White=0.77/Black=0.43} 0-1

[Event "1st Guwahati GM Open 2022"]
[Site "Guwahati"]
[Date "2022.03.16"]
[Round "5.15"]
[White "Nitin, S.."]
[Black "Trailokya, Nanda"]
[Result "1-0"]
[WhiteElo "2427"]
[BlackElo "1973"]
[Annotator "TA"]
[PlyCount "43"]
[EventDate "2022.03.15"]
[EventCountry "IND"]
[SourceTitle "playchess.com"]
[Source "ChessBase"]
[SourceQuality "1"]

{[%evp 14,43,38,20,20,18,32,34,20,21,31,22,32,-4,0,14,0,-25,25,29,255,251,217,243,335,331,498,406,688,686,762,515]} 1. e4 c5 2. Nf3 e6 3. d4 cxd4 4. Nxd4 a6 5. Nc3 Qc7 6. Bd3 Nf6 {[%cal Bg8f6,Bf6d7,Bd7c5][%mdl 32]} 7. f4 d6 8. Qe2 Be7 {B82: Sicilian Scheveningen: 6 f4.} 9. g4 (9. O-O {feels hotter.} Nbd7 10. a4 Nc5 11. g4 d5 12. e5) 9... Nc6 10. Nxc6 bxc6 {White is slightly better.} 11. Bd2 Nd7 12. O-O-O {[#]} Nc5 $146 {To avoid Na4} ({Predecessor:} 12... Bb7 13. Na4 c5 14. c4 Bf6 15. Qe1 Bc6 16. Ba5 Qb7 17. Nc3 Bd4 {½-½ (17) Wagner,S (2139)-Guller,A (2080) Andorra 2009}) 13. f5 (13. Be3 $5 {[%cal Re3c5]}) 13... Bf6 14. Bc4 {Strongly threatening Bf4.} Rb8 15. Qf3 Qb6 (15... O-O $142 $1) 16. b3 $11 {And now Bf4 would win.} a5 $2 {Loses the game.} (16... O-O $1 $11 {and Black has nothing to worry.}) 17. Bf4 $18 e5 {[#]} 18. g5 $1 Be7 (18... Bd8 19. Be3) 19. Be3 Qc7 (19... Qb4 $142) 20. f6 Bf8 (20... Be6 $142 21. Bxe6 (21. fxg7 Rg8 $16) 21... Nxe6 22. fxe7 Qxe7) 21. Bxc5 dxc5 22. h4 {Weighted Error Value: White=0.10 (very precise) /Black=0.83} 1-0

[Event "1st Guwahati GM Open 2022"]
[Site "Guwahati"]
[Date "2022.03.16"]
[Round "5.16"]
[White "Pradip, Ghosh"]
[Black "Saptarshi, Roy"]
[Result "1/2-1/2"]
[WhiteElo "1974"]
[BlackElo "2402"]
[Annotator "TA"]
[PlyCount "60"]
[EventDate "2022.03.15"]
[EventCountry "IND"]
[SourceTitle "playchess.com"]
[Source "ChessBase"]
[SourceQuality "1"]

{[%evp 11,60,12,12,-50,-48,-56,-61,-80,-36,-71,-33,-35,-43,-20,-34,-44,-27,-41,-32,-74,-66,-104,-112,-109,-69,-79,-68,-69,-63,-59,-26,-34,0,-87,20,9,97,85,129,114,164,76,127,131,125,60,55,19,47,20,88]} 1. e4 e5 2. Nc3 Nf6 3. g3 d5 4. exd5 Nxd5 5. Bg2 Nxc3 6. bxc3 Nc6 7. Ne2 {C26: Vienna Game: 2...Nf6, sidelines .} (7. Nf3 $11) 7... Be6 $15 8. O-O Bd5 9. f3 {[#] Black is slightly better.} h5 $146 ({Black should play} 9... Qd7 $17) ({Predecessor:} 9... Qf6 10. d3 Bc5+ 11. Kh1 O-O-O 12. Qe1 h5 13. h4 Qd6 14. c4 Be6 15. f4 Bg4 {0-1 (46) Schwenkreis,T (2048)-Kleibel,U (2217) Bayerisch Eisenstein 2019}) 10. Re1 Qf6 11. Nf4 $1 Bc4 12. d3 O-O-O 13. Nh3 (13. Bh3+ Kb8 14. Ng2 Bd5 $17) 13... Bc5+ 14. Kh1 $1 {Threatens to win with Bg5.} Qg6 15. Qe2 (15. f4 $1 $15) 15... Be6 $17 16. Ng5 h4 $1 17. Nxe6 fxe6 18. g4 h3 19. Bf1 Rdf8 20. Rb1 Qf7 21. f4 {[%cal Od3d4]} exf4 22. Qf3 (22. Qxe6+ $11 Qxe6 23. Rxe6) 22... Be3 (22... e5 $17 {Hoping for ...Bb6.} 23. d4 e4 $1 24. Rxe4 (24. Qxe4 $2 Re8 $19) 24... Qxa2 $1) 23. Ba3 {Black must now prevent d4.} e5 {Inhibits d4.} (23... Bd2 $2 24. Rxb7 $3 {[%mdl 512]} Qd7 25. Reb1 $18) (23... Nd8 $1 $11 {remains equal.}) 24. Bxf8 $16 ({Not} 24. Bxh3 $2 Rxh3 $1 {[%mdl 512]} 25. Qxh3 Qd5+ 26. Qg2 f3 $1 $19 {[%mdl 512]}) 24... Rxf8 (24... Qxf8 $142 25. d4 (25. Bxh3 Qd6 $16) 25... Qe8) 25. g5 Bb6 (25... Nd8 $16) 26. Rb3 (26. Bxh3+ $18 Kb8 27. Bg2) 26... Qe7 (26... Kb8 $142) 27. Bxh3+ Kb8 {[#]} 28. a4 (28. Bg2 $1 $16) 28... Qxg5 $14 29. Bg2 {aiming for Rb5.} (29. a5 $5 Nxa5 30. Rb5 $16) 29... Rh8 {...Qh4 is the strong threat.} 30. h3 {[%cal Oa4a5]} Re8 {Weighted Error Value: White=0.22 (precise) /Black=0.26 (precise)} (30... a6 $11 {keeps the balance.}) 1/2-1/2